000
00302nam a22001217a 4500
020
_a
0-340-19317-4
082
_a
005.133-B SCO'P
100
_a
SCOTT, PETER E
_9
75026
245
_a
PROGERAMMING IN BASIC,A BEGINNERS COURSE
260
_a
LONDON
_b
HODDER & STOUGHTER
_c
1975
300
_a
59P
942
_c
BK
999
_c
580523
_d
580523